| 000 | 02407nam0a2200397 4500 | ||
|---|---|---|---|
| 001 | RU\NLR\BIBL_A\022462705 | ||
| 005 | 20250715124229.0 | ||
| 010 |
_a978-5-907946-08-8 _9500 |
||
| 021 |
_aRU _bКН-П-24-083240 _9КН-П-24-8295 |
||
| 035 | _a(NLR Aleph) 022462705 | ||
| 090 |
_a13452597 _c13452597 |
||
| 100 | _a20250219d2024 u y0rusy50 ca | ||
| 101 | 0 | _arus | |
| 102 | _aRU | ||
| 105 | _aa j 000yy | ||
| 181 | 0 |
_ai _bxxxe |
|
| 182 | 0 | _an | |
| 200 | 1 |
_aВизуально-графические коммуникации модных брендов в концепции "Фрактал-АРТ" _eучебное пособие для вузов _eдля студентов бакалавриата, обучающихся по направлению подготовки 54.03.01 "Дизайн" профили подготовки: "Графический дизайн", "Дизайн костюма", "Дизайн рекламы" _fТ. А. Петушкова |
|
| 203 |
_aТекст _bвизуальный _cнепосредственный |
||
| 205 | _a2-е изд., доп. и перераб. | ||
| 210 |
_aСанкт-Петербург _cНаукоемкие технологии _d2024 |
||
| 215 |
_a129 с. _cил. _d21 |
||
| 320 | _aБиблиогр.: с. 128–129 (32 назв.) и в подстроч. примеч. | ||
| 606 | 1 |
_aРеклама _jУчебные издания для высших учебных заведений _xОформление _91539902 _3RU\NLR\AUTH\66972506 |
|
| 606 | 1 |
_aХудожественное конструирование _jУчебные издания для высших учебных заведений _xИнформационные технологии _92147981 _3RU\NLR\AUTH\661598556 |
|
| 606 | 1 |
_aБренд _jУчебные издания для высших учебных заведений _xОформление _92376907 _3RU\NLR\AUTH\661418369 |
|
| 606 | 1 |
_aКостюм _jУчебные издания для высших учебных заведений _z20 - 21 вв. _92564240 _3RU\NLR\AUTH\661516689 |
|
| 686 | 1 | _aЩ126.63(0)6я73 | |
| 686 | 1 | _aЩ127.45я73 | |
| 686 | 1 | _aЩ129.05я73 | |
| 686 | 1 | _aЩ150.484.6я73 | |
| 700 | 1 |
_aПетушкова _bТ. А. _gТатьяна Анатольевна |
|
| 942 | _cBOOK | ||
| 980 | _aNB | ||